Statistics for Biggest Energy Counsuming and Producing Countries

Click here to take the quiz!

General Stats

  • This quiz has been taken 2,095 times
    (2,094 since last reset)
  • The average score is 19 of 20

Answer Stats

Amount of EnergyCountry% Correct
2nd Producer1,735 MtoeUnited States
100%
2nd Consumer2,249 MtoeUnited States of America
100%
1st Consumer2,493 MtoeChina
99%
1st Producer2,351 MtoeChina
99%
8th Consumer262 MtoeFrance
97%
6th Consumer330 MtoeGermany
97%
4th Consumer682 MtoeRussia
97%
3rd Consumer692 MtoeIndia
96%
5th Producer516 MtoeIndia
96%
3rd Producer1,261 MtoeRussia
96%
7th Consumer263 MtoeBrazil
95%
5th Consumer488 MtoeJapan
95%
9th Producer247 MtoeBrazil
93%
9th Consumer258 MtoeCanada
93%
6th Producer396 MtoeCanada
93%
10th Producer221 MtoeMexico
89%
8th Producer323 MtoeAustralia
87%
4th Producer534 MtoeSaudi Arabia
81%
7th Producer378 MtoeIndonesia
80%
10th Consumer249 MtoeSouth Korea
80%

Score Distribution

Percentile by Number Answered

Percent of People with Each Score

Your Score History

You have not taken this quiz since the last reset